000 00280nam a2200121Ia 4500
005 20251222141900.0
008 251222s9999||||xx |||||||||||||| ||spa||
082 _a985.26/B72
100 _aBoluarte Domínguez, José
245 0 _aComas:
264 _bJuan Gutemberg
942 _cLIB
999 _c8017
_d8017